Statistics for 10 Least and 10 Most guessed capitals of the World Capitals Quiz

Click here to take the quiz!

General Stats

  • This quiz has been taken 68 times
    (32 since last reset)
  • The average score is 11 of 20

Answer Stats

HintAnswer% Correct
90%Paris
96%
87%London
93%
81%Madrid
89%
84%Washington D.C
89%
87%Rome
86%
80%Moscow
82%
85%Berlin
79%
78%Tokyo
75%
78%Dublin
57%
80%Athens
54%
12%Majuro
50%
12%Palikir
46%
10%Ngerulmud
46%
13%Yaren
39%
12%Nuku'alofa
39%
12%Honiara
32%
12%South Tarawa
29%
13%Nouakchott
18%
14%Mbabane
14%
13%Yamoussoukro
14%

Score Distribution

Percentile by Number Answered

Percent of People with Each Score

Your Score History

You have not taken this quiz since the last reset